000 00502 a2200193 4500
005 20240521111903.0
010 _aB-759128
020 _a9789354715136
_c399.00
035 _aB-759128
037 _bGift
082 _aS
100 _aSarles, Shawn
_966550
245 _aA Pocket Full Of Posies/
_cShawn Sarles
260 _aNew York
_bScholastic Inc.
_c2023
270 _aNew York
_bNew York
300 _a298 p.
_c20 cm(Pb)
942 _adpl
_cCH
_2ddc
_hS
_mSAR
999 _c203057
_d203057